La expedición de Nikolaus Jacquin : pionero de la botánica en América /
Salvato in:
| Autore principale: | |
|---|---|
| Natura: | Elettronico eBook |
| Lingua: | spagnolo |
| Pubblicazione: |
Bogotá, D.C., Colombia :
Ediciones Uniandes,
[2024]
|
| Edizione: | Primera edición. |
| Serie: | Magno (Universidad de los Andes (Bogotá, Colombia))
|
| Soggetti: | |
| Accesso online: | Digitalia Hispánica |
| Tags: |
Aggiungi Tag
Nessun Tag, puoi essere il primo ad aggiungerne!!
|
MARC
| LEADER | 00000nam a2200000 i 4500 | ||
|---|---|---|---|
| 001 | DIGUANDES799 | ||
| 003 | NyNyDIG | ||
| 007 | cr ||||||||||| | ||
| 008 | 251001s2024 ck a ob 001 0 spa d | ||
| 006 | m o d | ||
| 035 | |a (OCoLC)1545259107 | ||
| 040 | |a DGITA |b eng |e rda |e pn |c DGITA | ||
| 020 | |a 9789587987423 |q eBook | ||
| 020 | |a 9789587987430 |q ePub | ||
| 020 | |z 9789587987416 | ||
| 024 | 7 | |a 10.51573/Andes.9789587987416.9789587987423.9789587987430 |2 doi | |
| 043 | |a cc----- | ||
| 050 | 1 | 4 | |a QK5 ebook |
| 100 | 1 | |a Madriñán, Santiago, |e author. | |
| 245 | 1 | 3 | |a La expedición de Nikolaus Jacquin : |b pionero de la botánica en América / |c Santiago Madriñán. |
| 250 | |a Primera edición. | ||
| 264 | 1 | |a Bogotá, D.C., Colombia : |b Ediciones Uniandes, |c [2024] | |
| 300 | |a 1 online resource : |b illustrations. | ||
| 336 | |a text |b txt |2 rdacontent | ||
| 337 | |a computer |b c |2 rdamedia | ||
| 338 | |a online resource |b cr |2 rdacarrier | ||
| 347 | |a text file |2 rdaft | ||
| 347 | |b PDF | ||
| 490 | 1 | |a Magno | |
| 500 | |a "Universidad de los Andes, Facultad de Ciencias, Departamento de Ciencias Biológicas." | ||
| 504 | |a Includes bibliographical references and indexes. | ||
| 588 | 0 | |a Online resource; title from PDF title page (Digitalia, viewed October 1, 2025) | |
| 600 | 1 | 0 | |a Jacquin, Nikolaus Joseph, |c Freiherr von, |d 1727-1817 |x Travel |z Caribbean Area. |
| 650 | 0 | |a Plant collecting |z Caribbean Area |x History |y 18th century. | |
| 650 | 0 | |a Botanical specimens |x Collection and preservation |z Caribbean Area |x History |y 18th century. | |
| 650 | 0 | |a Scientific expeditions |z Caribbean Area |x History |y 18th century. | |
| 650 | 0 | |a Plants |z Caribbean Area |x Identification. | |
| 791 | 2 | |a Digitalia (Firm), |e distributor. | |
| 793 | 0 | |g Digitalia eBook Collection: |a Universidad de los Andes | |
| 776 | 0 | 8 | |i Print version: |a Madriñán, Santiago. |t Expedición de Nikolaus Jacquin. |b Primera edición. |d Bogotá, D.C., Colombia : Ediciones Uniandes, [2024] |z 9789587987416 |
| 830 | 0 | |a Magno (Universidad de los Andes (Bogotá, Colombia)) | |
| 856 | 4 | 0 | |3 Digitalia Hispánica |u https://digitalia.unach.elogim.com/a/180395/ |
| 910 | |a Premium collection: 2025 | ||